Welcome to WEB OPAC of MRSPTU Central Library

India's Ancient Past (Record no. 6534)

MARC details
000 -LEADER
fixed length control field 00399nam a2200169Ia 4500
008 - FIXED-LENGTH DATA ELEMENTS--GENERAL INFORMATION
fixed length control field 230711s9999||||xx |||||||||||||| ||und||
020 ## - INTERNATIONAL STANDARD BOOK NUMBER
International Standard Book Number 978-0-19-568785-9
041 ## - LANGUAGE CODE
Language code of text/sound track or separate title ENG
082 ## - DEWEY DECIMAL CLASSIFICATION NUMBER
Classification number 900
Item number SH-I
100 ## - MAIN ENTRY--PERSONAL NAME
Personal name Sharma,R.S
245 #0 - TITLE STATEMENT
Title India's Ancient Past
250 ## - EDITION STATEMENT
Edition statement 1st Ed.
260 ## - PUBLICATION, DISTRIBUTION, ETC.
Date of publication, distribution, etc. 2005
Place of publication, distribution, etc. New Delhi
Name of publisher, distributor, etc. Oxford University Press
300 ## - PHYSICAL DESCRIPTION
Extent 387p.
650 ## - SUBJECT ADDED ENTRY--TOPICAL TERM
Topical term or geographic name entry element Literature
942 ## - ADDED ENTRY ELEMENTS (KOHA)
Koha item type Book
Holdings
Withdrawn status Lost status Damaged status Not for loan Collection Home library Current library Date acquired Source of acquisition Cost, normal purchase price Inventory number Total checkouts Full call number Barcode Date last seen Price effective from Koha item type Date last checked out
          MRSPTU Central Library MRSPTU Central Library   Krishna Book Distributors 350.00 KBD/2017-2018/1019743059   900 SH-I 38590 08/17/2023 08/17/2023 Book  
          MRSPTU Central Library MRSPTU Central Library   Krishna Book Distributors 350.00 KBD/2017-2018/1019743059   900 SH-I 38591 08/17/2023 08/17/2023 Book  
          MRSPTU Central Library MRSPTU Central Library   Krishna Book Distributors 350.00 KBD/2017-2018/1019743059   900 SH-I 38592 08/17/2023 08/17/2023 Book  
          MRSPTU Central Library MRSPTU Central Library   Krishna Book Distributors 350.00 KBD/2017-2018/1019743059 1 900 SH-I 38593 02/18/2025 08/17/2023 Book 02/18/2025
          MRSPTU Central Library MRSPTU Central Library   Krishna Book Distributors 350.00 KBD/2017-2018/1019743059 1 900 SH-I 38594 03/16/2026 08/17/2023 Book 03/16/2026
          MRSPTU Central Library MRSPTU Central Library   Krishna Book Distributors 350.00 KBD/2017-2018/1019743059   900 SH-I 38595 03/16/2026 08/17/2023 Book  
          MRSPTU Central Library MRSPTU Central Library   Krishna Book Distributors 350.00 KBD/2017-2018/1019743059   900 SH-I 38596 08/17/2023 08/17/2023 Book  
          MRSPTU Central Library MRSPTU Central Library   Krishna Book Distributors 350.00 KBD/2017-2018/1019743059 2 900 SH-I 38597 03/18/2026 08/17/2023 Book 02/23/2026
          MRSPTU Central Library MRSPTU Central Library   Krishna Book Distributors 350.00 KBD/2017-2018/1019743059   900 SH-I 38598 08/17/2023 08/17/2023 Book  
          MRSPTU Central Library MRSPTU Central Library   Krishna Book Distributors 350.00 KBD/2017-2018/1019743059 3 900 SH-I 38599 09/01/2025 08/17/2023 Book 08/13/2025

Website Designed and Developed by MRSPTU Central Library Team

E-mail Id: librarian@mrsptu.ac.in